[Event "A48"]
[Site "Cleanchess.com Lutsk UKR"]
[Date "2018.02.17"]
[Round "5.4"]
[White "Razin,V"]
[Black "Stupak,K"]
[Result "0-1"]
[WhiteElo "2379"]
[BlackElo "2559"]

1.d4 Nf6 2.Nf3 g6 3.Bg5 Bg7 4.Nbd2 d5 5.e3 O-O 6.c3 c5 7.Bd3 Nc6 8.O-O Qb6
9.Qb1 Nd7 10.Bf4 Re8 11.Qc2 e5 12.dxe5 Ndxe5 13.Nxe5 Nxe5 14.Bxe5 Bxe5 15.e4
Qc7 16.g3 Be6 17.exd5 Bxd5 18.Be4 Be6 19.Rfe1 Rad8 20.Nf1 b5 21.Ne3 f5 22.Bf3
f4 23.Ng2 Kg7 24.Rad1 Rxd1 25.Qxd1 fxg3 26.hxg3 Bf7 27.a3 b4 28.axb4 cxb4
29.cxb4 Qb6 30.Qd2 Rd8 31.Qe3 Bd4 32.Qe2 Qxb4 33.Qe7 Qb6 34.Rf1 Bf6 35.Qe2
Qxb2 36.Qe3 Qd4 37.Qa3 Qd3 38.Qxd3 Rxd3 39.Be4 Rd4 40.Bf3 a5 41.Rb1 a4 42.Rb7
a3 43.Nf4 a2 44.Ne6+ Kh6 45.Rxf7 a1=Q+ 46.Kg2 Rd6 47.Nc5 Qa2 48.Rb7 Rd2 49.Ne4
Rxf2+ 50.Nxf2 Bd4 {#R} 0-1

[Event "A48"]
[Site "Cleanchess.com Lutsk UKR"]
[Date "2018.02.16"]
[Round "7.1"]
[White "Bordovsky,Vladimir"]
[Black "Bogdanovich,S"]
[Result "0-1"]
[WhiteElo "2326"]
[BlackElo "2560"]

1.Nf3 Nf6 2.d4 g6 3.Bg5 Bg7 4.Nbd2 O-O 5.e4 d6 6.Bd3 Nc6 7.c3 h6 8.Bh4 e5
9.O-O exd4 10.cxd4 g5 11.Bg3 Nh5 12.Nb3 g4 13.Nh4 Nxd4 14.Nxd4 Bxd4 15.Be2
Bxb2 16.Rb1 Be5 17.Bxg4 Bxg3 18.hxg3 Ng7 19.Bxc8 Qxc8 20.Qd2 Kh7 21.Rb5 a6
22.Nf5 Nxf5 23.Rxf5 Qe6 24.Qf4 Qg6 25.Rf6 Qg5 26.Rxf7+ Rxf7 27.Qxf7+ Qg7
28.Qf5+ Kh8 29.Re1 Rf8 30.Qd5 Qb2 31.Rf1 Qb5 32.Qe6 Kg7 33.Qg4+ Qg5 34.Qd7+
Rf7 35.Qc8 Qb5 36.a4 Qb2 37.a5 c6 38.Qg4+ Kh7 39.Qe6 Qf6 40.Qc8 Qe5 41.f3 Qxg3
42.Qe6 Qg6 43.Qe8 Rg7 44.Qxg6+ Kxg6 45.Rd1 Rd7 46.f4 d5 47.Kf2 Kf6 48.g4 Ke6
49.e5 d4 50.Re1 Kd5 51.e6 Re7 52.f5 c5 53.Kf3 c4 54.Kf4 c3 55.Re5+ Kd6 56.f6
Rxe6 57.Rf5 c2 58.f7 c1=Q+ {#R} 0-1

[Event "A48"]
[Site "Cleanchess.com Israel ISR"]
[Date "2018.02.16"]
[Round "7.2"]
[White "Shachar,E"]
[Black "Bakalchuk,Johnatan"]
[Result "1-0"]
[WhiteElo "2401"]
[BlackElo "2400"]

1.Nf3 g6 2.d4 Nf6 3.e3 Bg7 4.b3 O-O 5.Bb2 d6 6.Be2 Nbd7 7.O-O Re8 8.c4 e5
9.dxe5 Ng4 10.h3 Ngxe5 11.Nc3 Nc5 12.Qd2 Bf5 13.Rad1 Qd7 14.Nd5 c6 15.Nf4
Nxf3+ 16.Bxf3 Bxb2 17.Qxb2 Be4 18.Be2 Qe7 19.Qd4 Rad8 20.f3 Bc2 21.Rc1 Bxb3
22.axb3 Nxb3 23.Qxa7 Ra8 24.Qb6 Nxc1 25.Rxc1 Qxe3+ 26.Qxe3 Rxe3 27.Kf2 Rb3
28.Rc2 Kf8 29.h4 h6 30.Rd2 Ke7 31.g4 Rba3 32.Rb2 R8a7 33.h5 gxh5 34.Nxh5 Ra2
35.Rb3 R2a3 36.Rb2 Ke6 37.Rd2 Ra2 38.Rd4 d5 39.cxd5+ Ke5 40.Rf4 Kxd5 41.Rxf7
b5 42.Nf4+ Kd4 43.Rf6 Rc2 44.Kg3 b4 45.Bd3 Rc3 46.Be4 Ra2 47.Bxc6 Rc1 48.Rxh6
Rg1+ 49.Kh4 b3 50.Be4 Rh1+ 51.Nh3 Rah2 52.Kg3 b2 53.g5 Re2 54.Rb6 Rxe4 55.Rxb2
Re8 56.Rb6 Rg8 57.f4 Ra1 58.Kg4 Ra4 59.g6 Kc5 60.Rf6 Kd5 61.Ng5 Ra1 62.Kf5 Kd4
63.g7 Ke3 64.Re6+ Kf2 65.Kg6 Ra7 66.Nf7 Kf3 67.f5 Rb8 68.f6 Kf4 69.Nh6 Rb1
70.f7 {#r} 1-0

[Event "A48"]
[Site "Cleanchess.com   INT"]
[Date "2018.02.14"]
[Round "6"]
[White "Cooper,L"]
[Black "Jones,G"]
[Result "0-1"]
[WhiteElo "2347"]
[BlackElo "2640"]

1.d4 Nf6 2.Nf3 g6 3.Bg5 Bg7 4.Nbd2 O-O 5.c3 d6 6.e4 Qe8 7.Bc4 e5 8.dxe5 dxe5
9.O-O Nc6 10.a4 Be6 11.Bb5 Nh5 12.a5 a6 13.Bc4 Nf4 14.Bxf4 exf4 15.Qb3 Bxc4
16.Qxc4 Rd8 17.Qb3 g5 18.h3 h5 19.Qxb7 g4 20.hxg4 hxg4 21.Qxa6 gxf3 22.Nxf3
Ra8 23.Qc4 Ne5 24.Qe2 Nxf3+ 25.Qxf3 Qe5 26.a6 Rfb8 27.Ra2 Qe6 28.Rfa1 Be5
29.b4 Kg7 30.Ra5 Rh8 31.a7 Qh6 32.Kf1 Qc6 33.Rc5 Qxc5 34.bxc5 Rh1+ 35.Ke2 Rxa1
36.Qg4+ Kf8 37.Qf5 Bxc3 38.Qxf4 R8xa7 39.Qh4 Ke8 40.Qh3 Bf6 41.Qc8+ Bd8 42.c6
R7a2+ 43.Kf3 Rd1 44.e5 Rd4 45.g3 Rc2 46.e6 Rxc6 47.exf7+ Kxf7 48.Kg2 Rf6 49.f4
Rd2+ 50.Kh3 Rh6+ 51.Kg4 Rg6+ 52.Kf5 Rxg3 53.Qe6+ Kf8 54.Qh6+ Rg7 55.Qh8+ Kf7
56.Qh5+ Ke7 57.Qh6 Rf7+ 58.Ke5 Re2+ 59.Kd5 Rf5+ 60.Kd4 Re6 61.Qh7+ Rf7 62.Qh8
Rxf4+ 63.Kd3 Rf7 64.Qh4+ Kd7 65.Qh3 c6 66.Kc4 Bb6 67.Qd3+ Kc7 68.Qg3+ Kb7
69.Qg4 Ref6 70.Kd3 Rf3+ 71.Ke2 Re3+ 72.Kd2 Rf2+ 73.Kd1 Ba5 74.Qg7+ Ka6 75.Qg1
Re1+ {#R} 0-1

[Event "A49"]
[Site "Cleanchess.com Budapest HUN"]
[Date "2018.02.12"]
[Round "8.2"]
[White "Czebe,A"]
[Black "Navalgund,N"]
[Result "1-0"]
[WhiteElo "2421"]
[BlackElo "2270"]

1.Nf3 Nf6 2.g3 g6 3.Bg2 Bg7 4.O-O O-O 5.d4 d6 6.Re1 Nbd7 7.e4 e5 8.h3 Re8
9.Nc3 exd4 10.Nxd4 Nc5 11.Nb3 Nxb3 12.axb3 a6 13.Be3 h6 14.Qd2 Kh7 15.f4 Bd7
16.Rad1 Qc8 17.g4 Bc6 18.Bd4 Bh8 19.Qf2 Nd7 20.Bxh8 Kxh8 21.e5 Bxg2 22.Kxg2
dxe5 23.fxe5 Kg7 24.e6 Nf6 25.Rd7 Rxe6 26.Rxe6 Nxd7 27.Re7 Nf6 28.Nd5 {#r} 1-0

[Event "A49"]
[Site "Cleanchess.com Graz AUT"]
[Date "2018.02.18"]
[Round "2.4"]
[White "Sebenik,M"]
[Black "Marczuk,D"]
[Result "1-0"]
[WhiteElo "2557"]
[BlackElo "2278"]

1.d4 Nf6 2.Nf3 g6 3.g3 Bg7 4.Bg2 O-O 5.O-O d6 6.b3 c5 7.c4 Nc6 8.Bb2 cxd4
9.Nxd4 Bd7 10.Nc3 Qa5 11.e3 Rfc8 12.h3 Rab8 13.Nde2 a6 14.a4 Qb6 15.Rb1 Na5
16.Ba1 Bc6 17.e4 Nd7 18.b4 Nxc4 19.b5 axb5 20.axb5 Na3 21.bxc6 Nxb1 22.Nd5 Qa6
23.cxd7 Rd8 24.Nxe7+ Kf8 25.Bxg7+ Kxg7 26.Qd4+ Kf8 27.Nd5 Kg8 28.Nef4 Qa2
29.Ne7+ Kf8 30.Nfd5 {#r} 1-0

[Event "A49"]
[Site "Cleanchess.com Lutsk UKR"]
[Date "2018.02.16"]
[Round "6.6"]
[White "Bernadskiy,V"]
[Black "Terletsky,O"]
[Result "1-0"]
[WhiteElo "2588"]
[BlackElo "2406"]

1.Nf3 Nf6 2.g3 g6 3.b3 Bg7 4.Bb2 O-O 5.Bg2 d6 6.d4 Nbd7 7.O-O e5 8.dxe5 Ng4
9.Nc3 Ngxe5 10.Qd2 Nxf3+ 11.Bxf3 Nb6 12.a4 a5 13.Rad1 Qf6 14.Ba1 Qe7 15.Rfe1
h5 16.e4 h4 17.Nd5 Nxd5 18.exd5 Qd8 19.Bxg7 Kxg7 20.Qd4+ Qf6 21.Re7 hxg3
22.hxg3 Bf5 23.Rxc7 Rac8 24.Rxb7 Rxc2 25.Qxf6+ Kxf6 26.Rb6 Ke5 27.Re1+ Kd4
28.Rxd6 Rc3 29.Kg2 Rxb3 30.g4 Bd3 31.Rf6 Rb4 32.Re3 Bc2 33.Rf4+ Kc5 34.Rc3+
{#r} 1-0

[Event "A49"]
[Site "Cleanchess.com   INT"]
[Date "2018.02.14"]
[Round "6"]
[White "Mikhalevski,V"]
[Black "Belous,V"]
[Result "0-1"]
[WhiteElo "2538"]
[BlackElo "2567"]

1.d4 Nf6 2.Nf3 g6 3.g3 c5 4.c3 Qb6 5.Bg2 Bg7 6.O-O O-O 7.Na3 d5 8.dxc5 Qxc5
9.Be3 Qa5 10.Nc2 Nc6 11.Ncd4 Ne4 12.Nb3 Qd8 13.Ng5 Nf6 14.Nh3 e5 15.Bg5 Bf5
16.f4 e4 17.Nf2 e3 18.Nd3 Qb6 19.Bxf6 Bxf6 20.Bxd5 Rad8 21.c4 Ne7 22.c5 Qc7
23.Bf3 Bxb2 24.Rb1 Bf6 25.Qc2 Nd5 26.Qc4 b5 27.Qxb5 Nc3 28.Qa6 Nxb1 29.Qxf6
Nd2 30.Nxd2 exd2 31.Qc3 Rfe8 32.c6 Be4 33.Qxd2 Qxc6 34.Qb2 Bxf3 35.Rxf3 Rb8
36.Qd2 Rb1+ 37.Kg2 Qb6 38.Nf2 Rb2 39.Qd7 Rexe2 40.Qc8+ Kg7 41.Qc3+ f6 {#R} 0-1

[Event "A49"]
[Site "Cleanchess.com   INT"]
[Date "2018.02.14"]
[Round "6"]
[White "Ju Wenjun"]
[Black "Naroditsky,D"]
[Result "0-1"]
[WhiteElo "2572"]
[BlackElo "2619"]

1.d4 Nf6 2.Nf3 g6 3.g3 Bg7 4.Bg2 O-O 5.O-O d6 6.Nc3 d5 7.Re1 Bf5 8.Ne5 c6
9.Bf4 Nbd7 10.Nxd7 Qxd7 11.Be5 Bh3 12.Qd2 Qf5 13.f3 Bxg2 14.Kxg2 Rad8 15.Rad1
h5 16.a4 h4 17.Qd3 Qe6 18.gxh4 Nh5 19.Bg3 f5 20.e3 Bh6 21.Ne2 Qf6 22.f4 Qe6
23.Ng1 Nf6 24.Nf3 Ne4 25.c3 Rf7 26.Ng5 Bxg5 27.fxg5 Rh7 28.Rf1 Nd6 29.b3 Ne4
30.Rf4 c5 31.dxc5 Nxc5 32.Qd4 Qc6 33.Rf3 Nxb3 34.Qe5 Na5 35.Qd4 Nc4 36.a5 a6
37.Kg1 Nxa5 38.e4 fxe4 39.Qxe4 Rf7 40.Qd3 Rxf3 41.Qxf3 Nc4 42.Re1 Rf8 43.Qd3
Rf5 44.Rxe7 Qc5+ 45.Qd4 Qxe7 {#R} 0-1

[Event "A49"]
[Site "Cleanchess.com Lutsk UKR"]
[Date "2018.02.17"]
[Round "5.8"]
[White "Grekh,A"]
[Black "Budnikov,O"]
[Result "0-1"]
[WhiteElo "2400"]
[BlackElo "2422"]

1.Nf3 Nf6 2.g3 g6 3.Bg2 Bg7 4.O-O O-O 5.d4 d6 6.c3 Nc6 7.Bg5 h6 8.Bxf6 Bxf6
9.Nbd2 e5 10.dxe5 dxe5 11.Ne4 Be7 12.Qc1 Kg7 13.Rd1 Qe8 14.c4 f5 15.Nc3 e4
16.Ne1 Ne5 17.Nd5 Bd8 18.f4 Nd7 19.Ne3 Nf6 20.Qc3 c6 21.b4 Kh7 22.Rab1 g5
23.N1c2 gxf4 24.gxf4 Bc7 25.Rf1 Nh5 26.Qe1 Nxf4 27.Qh4 Ng6 28.Qh5 Qe5 29.Rbd1
Nf4 30.Rxf4 Qxf4 31.Rf1 Qe5 32.Ng4 Qg7 33.Nge3 f4 34.Kh1 Qe5 35.Qh4 Bd8 36.Ng4
Qe6 37.Qh5 Rf5 38.Qh3 Rg5 39.Nf2 Qxh3 40.Nxh3 Bxh3 41.Bxh3 Bc7 42.Nd4 Rag8
43.Bf5+ Kh8 44.Bxe4 a5 45.a3 axb4 46.axb4 Re5 47.Bf3 Rd8 48.Nb3 Bb6 49.c5 Bc7
50.b5 Re3 51.Rb1 cxb5 52.Kg2 Rg8+ 53.Kf2 Bd8 54.Nd4 Bh4+ 55.Kf1 Re5 56.Rxb5
Reg5 57.e4 fxe3 58.Ke2 Rc8 59.Ne6 Re5 60.Nf4 Kg7 61.Rxb7+ Kf6 62.Rb6+ Kf7
63.Ng6 Rexc5 64.Nxh4 Re5 65.Rb2 Rc3 66.Ng2 Kf6 67.Nf4 Ra3 68.Nd3 Re7 69.Rb6+
Kg7 70.Rb2 Ra4 71.h3 Ra3 72.Rb1 Kf6 73.Rb6+ Kg5 74.Rb5+ Kh4 75.Ne5 Kg3 {#R}
0-1

[Event "A50"]
[Site "Cleanchess.com Wachtebeke BEL"]
[Date "2018.02.15"]
[Round "9.5"]
[White "Beukema,Jasper"]
[Black "Vuelban,V"]
[Result "1-0"]
[WhiteElo "2273"]
[BlackElo "2277"]

1.d4 Nf6 2.c4 Nc6 3.Nc3 e5 4.d5 Ne7 5.e4 Ng6 6.h3 Bc5 7.Nge2 d6 8.g3 a6 9.Bg2
Bd7 10.Qd3 Qb8 11.a4 Qa7 12.O-O h5 13.Bg5 Nh7 14.Bd2 h4 15.g4 f6 16.Nd1 Ng5
17.b4 Nf4 18.Bxf4 exf4 19.bxc5 f3 20.Bxf3 Nxh3+ 21.Kh2 Ng5 22.cxd6 cxd6 23.Ng1
Nf7 24.Qe3 Qb8 25.Be2 Ne5 26.f3 Qd8 27.Nf2 Qe7 28.f4 Nf7 29.Nd3 g5 30.Nh3 Nh6
31.fxg5 {#r} 1-0

[Event "A50"]
[Site "Cleanchess.com   INT"]
[Date "2018.02.14"]
[Round "6"]
[White "Studer,N"]
[Black "Gupta,Ab"]
[Result "1-0"]
[WhiteElo "2476"]
[BlackElo "2610"]

1.d4 Nf6 2.c4 Nc6 3.Nf3 e6 4.g3 Bb4+ 5.Nbd2 d5 6.Bg2 dxc4 7.O-O c3 8.Nb3 O-O
9.Qc2 cxb2 10.Bxb2 a5 11.a4 Be7 12.Rac1 Bd7 13.Rfd1 Nb4 14.Qxc7 Bxa4 15.Nfd2
Nfd5 16.Qe5 Bf6 17.Qh5 Na2 18.Ra1 Ndc3 19.Re1 Bxb3 20.Nxb3 a4 21.Nc5 a3
22.Bxc3 Nxc3 23.e3 Ra5 24.Rec1 Rxc5 25.dxc5 Qd2 26.Bf3 g6 27.Qg4 h5 28.Qc4 Rc8
29.Kg2 b5 30.Qb3 Rxc5 31.Rc2 Qd3 32.Rxa3 Kg7 33.Ra7 Rf5 34.Qxe6 Bd4 35.Rxc3
Qxc3 36.Rd7 Qb2 37.exd4 b4 38.Qe3 Rf6 39.d5 Qc2 40.Rb7 Qc4 41.Rb6 Rf5 42.Qe4
Qc3 43.d6 b3 44.Qe3 Qf6 45.Qxb3 h4 46.Qb2 h3+ 47.Kxh3 Rxf3 48.Qxf6+ Kxf6
49.Kg2 Rd3 50.h4 Ke6 51.g4 Ke5 52.h5 gxh5 53.gxh5 Kf5 54.h6 Kg6 55.d7+ Kh7
56.Rf6 Rxd7 57.Kg3 Kg8 58.f3 Rd5 59.Kg4 Rd1 60.Ra6 Rg1+ 61.Kf5 Rf1 62.f4 Rf2
63.Kg5 Rf1 64.Ra7 Rf2 65.f5 Rf1 66.Kf6 Rh1 67.Rxf7 Rxh6+ 68.Ke7 Ra6 69.Rf8+
Kg7 70.f6+ Kh7 71.Rd8 Ra7+ 72.Rd7 Ra1 73.Kf8+ Kh8 74.f7 Re1 75.Rd2 Rh1 76.Rf2
Kh7 77.Ke7 Re1+ 78.Kd6 Rd1+ 79.Ke5 Re1+ 80.Kd4 Rd1+ 81.Ke3 Re1+ 82.Kd2 {#r}
1-0

[Event "A53"]
[Site "Cleanchess.com Lutsk UKR"]
[Date "2018.02.18"]
[Round "8.8"]
[White "Matviishen,Viktor"]
[Black "Sergeev,Vl"]
[Result "0-1"]
[WhiteElo "2439"]
[BlackElo "2414"]

1.d4 Nf6 2.c4 d6 3.Nf3 g6 4.g3 Bg7 5.Bg2 O-O 6.Nc3 c6 7.O-O Be6 8.Qd3 d5
9.cxd5 Nxd5 10.e4 Nb4 11.Qb1 a5 12.Rd1 {#R} 0-1

[Event "A53"]
[Site "Cleanchess.com Lutsk UKR"]
[Date "2018.02.16"]
[Round "11.4"]
[White "Golubka,P"]
[Black "Bordovsky,Vladimir"]
[Result "1-0"]
[WhiteElo "2503"]
[BlackElo "2326"]

1.d4 Nf6 2.c4 d6 3.Nf3 Bf5 4.Nc3 g6 5.Nh4 Bd7 6.g3 e5 7.Bg2 Nc6 8.dxe5 Nxe5
9.Bxb7 Rb8 10.Bg2 Nxc4 11.b3 Ne5 12.O-O Bg7 13.Bb2 O-O 14.Qc2 Re8 15.Rfd1 Bc6
16.e4 Ned7 17.Re1 Ba8 18.Rad1 Qc8 19.Nf3 Nc5 20.e5 dxe5 21.Nxe5 Bxg2 22.Kxg2
Qb7+ 23.Kg1 Ne6 24.h4 c5 25.Ne2 Rbd8 26.Nc4 Nd4 27.Nxd4 Rxe1+ 28.Rxe1 cxd4
29.Ne5 Nd5 30.Qc6 Qb4 31.Nd3 Qb6 32.Re8+ Rxe8 33.Qxe8+ Bf8 34.Ba3 Ne7 35.Bxe7
{#r} 1-0

[Event "A53"]
[Site "Cleanchess.com Lutsk UKR"]
[Date "2018.02.16"]
[Round "10.2"]
[White "Bernadskiy,V"]
[Black "Bordovsky,Vladimir"]
[Result "1-0"]
[WhiteElo "2588"]
[BlackElo "2326"]

1.d4 Nf6 2.c4 d6 3.Nf3 Bf5 4.Nc3 g6 5.h3 h5 6.e3 Bg7 7.Be2 O-O 8.O-O c5 9.Bd3
Bxd3 10.Qxd3 Nc6 11.d5 Na5 12.e4 Nd7 13.Bd2 a6 14.Rab1 Rb8 15.a4 Nb3 16.Be3
Ne5 17.Nxe5 dxe5 18.f4 Nd4 19.Bxd4 exd4 20.Ne2 b5 21.axb5 axb5 22.b3 Qa5 23.e5
Qa3 24.cxb5 Qb4 25.f5 Qxb5 26.Qe4 Bh6 27.Nf4 Bxf4 28.Qxf4 Qd3 29.Rbe1 Kh7
30.f6 exf6 31.Qxf6 Rxb3 32.e6 Rbb8 33.e7 Rg8 34.Qxf7+ Rg7 35.e8=Q Rxe8 36.Qxe8
c4 37.Re7 Rxe7 38.Qxe7+ Kh6 39.Qf8+ {#r} 1-0

[Event "A55"]
[Site "Cleanchess.com Skara SWE"]
[Date "2018.02.18"]
[Round "6.2"]
[White "Cramling,P"]
[Black "Silseth,S"]
[Result "0-1"]
[WhiteElo "2449"]
[BlackElo "2264"]

1.Nf3 Nf6 2.c4 d6 3.d4 Nbd7 4.Nc3 e5 5.e4 Be7 6.Be2 O-O 7.O-O exd4 8.Nxd4 Re8
9.Be3 Bf8 10.Qc2 Ne5 11.Rad1 c6 12.h3 Qc7 13.Rfe1 Nfd7 14.f4 Ng6 15.Bf1 a6
16.g3 Nf6 17.Bg2 Bd7 18.Nb3 c5 19.g4 Bc6 20.g5 Nd7 21.Qf2 b5 22.Nd2 b4 23.Ne2
Ne7 24.Ng3 Bb7 25.Nf3 Nc6 26.h4 Nb6 27.Rc1 a5 28.h5 a4 29.Nd2 Na5 30.Nf5 b3
31.a3 Re6 32.Ng3 Nd7 33.Bf3 Rae8 34.Bg4 R6e7 35.Qg2 Bc6 36.Bf3 Bb7 37.Nf5 Re6
38.Bf2 Ba6 39.Ne3 Bb7 40.Bg3 Kh8 41.Nd5 Bxd5 42.cxd5 R6e7 43.Be2 Nb6 44.Bb5
Rb8 45.Bc4 Naxc4 46.Nxc4 Nxc4 47.Rxc4 Qd7 48.Kh2 Rbe8 49.e5 Qf5 50.Qe4 Qg4
51.Qe2 Qf5 52.Rxa4 dxe5 53.fxe5 Qxg5 54.Re4 f5 55.Bh4 Qh6 56.Bxe7 fxe4 57.Bxf8
Rxf8 58.Qxe4 Qxh5+ 59.Kg1 Rf5 60.Re2 Rg5+ 61.Kf2 Qh2+ 62.Ke1 Qg1+ 63.Kd2 Rg4
64.Qe3 Rd4+ 65.Kc3 Qh1 66.Rf2 Kg8 67.Rd2 Qc1+ 68.Kxb3 Qxd2 {#R} 0-1

[Event "A56"]
[Site "Cleanchess.com Israel ISR"]
[Date "2018.02.16"]
[Round "7.4"]
[White "Rodshtein,M"]
[Black "Gukhvat,P"]
[Result "1-0"]
[WhiteElo "2693"]
[BlackElo "2251"]

1.d4 Nf6 2.c4 c5 3.d5 e5 4.Nc3 d6 5.e4 Nbd7 6.h4 Be7 7.h5 h6 8.g3 Nh7 9.Nf3 a6
10.Be2 Bg5 11.Nxg5 Nxg5 12.Be3 Nf6 13.f3 Bd7 14.Qd2 Ngh7 15.Rb1 Qe7 16.b4 b6
17.Kf2 O-O 18.Kg2 Rfc8 19.Nd1 Ne8 20.g4 Rab8 21.Nf2 f6 22.Rb3 b5 23.Rhb1 cxb4
24.Rxb4 a5 25.R4b2 b4 26.a3 Ng5 27.axb4 axb4 28.Rxb4 Rxb4 29.Rxb4 Kh7 30.Rb7
Qd8 31.Bb6 {#r} 1-0

[Event "A56"]
[Site "Cleanchess.com   INT"]
[Date "2018.02.14"]
[Round "6"]
[White "Akobian,V"]
[Black "Hua,L"]
[Result "1-0"]
[WhiteElo "2647"]
[BlackElo "2305"]

1.d4 Nf6 2.c4 c5 3.d5 g6 4.Nc3 Bg7 5.Nf3 O-O 6.e4 e6 7.Bg5 h6 8.Bf4 exd5
9.exd5 Re8+ 10.Be2 Ne4 11.Nxe4 Rxe4 12.Be3 d6 13.Qd2 Kh7 14.O-O Bg4 15.Rae1
Bxf3 16.gxf3 Re8 17.Bf4 Qf6 18.Bd1 Nd7 19.Kg2 Ne5 20.Re4 Re7 21.Rfe1 Rae8
22.b3 a6 23.a4 b6 24.Bg3 Kg8 25.Qe2 Kf8 26.h4 a5 27.Rf4 Nxf3 28.Qxf3 Qxf4
29.Qxf4 Rxe1 30.Qxd6+ Kg8 31.Bf3 Bd4 32.Qxb6 Kg7 33.d6 Bf6 34.Qc7 Rd8 35.Bd5
{#r} 1-0

[Event "A60"]
[Site "Cleanchess.com Lutsk UKR"]
[Date "2018.02.18"]
[Round "9.3"]
[White "Mirzoev,E"]
[Black "Stupak,K"]
[Result "0-1"]
[WhiteElo "2405"]
[BlackElo "2559"]

1.d4 Nf6 2.c4 e6 3.Nc3 c5 4.d5 exd5 5.cxd5 Bd6 6.Nf3 Bc7 7.d6 Ba5 8.Bg5 Qb6
9.Bxf6 Qxb2 10.Bxg7 Bxc3+ 11.Bxc3 Qxc3+ 12.Nd2 b6 13.Rc1 Qd4 14.Nc4 Qxd1+
15.Rxd1 Nc6 16.h4 Ba6 17.e3 Rg8 18.Rd5 Kf8 19.Rh3 Re8 20.Rf3 Rg4 21.Nxb6 axb6
22.Bxa6 Nb4 23.Rdf5 Nxa6 24.Rxf7+ Kg8 25.Rxd7 Rg7 26.Rg3 Rxg3 27.fxg3 Rxe3+
28.Kf2 Rd3 29.Ra7 Nb4 30.d7 Kf8 31.Rb7 Ke7 32.a3 Nd5 {#R} 0-1

[Event "A60"]
[Site "Cleanchess.com Israel ISR"]
[Date "2018.02.16"]
[Round "7.6"]
[White "Veinberg,N"]
[Black "Aharonovich,Itamar"]
[Result "1-0"]
[WhiteElo "2370"]
[BlackElo "2276"]

1.d4 Nf6 2.c4 e6 3.g3 c5 4.d5 exd5 5.cxd5 b5 6.e4 Nxe4 7.Qe2 Qe7 8.Bg2 Nd6
9.Be3 Na6 10.Nc3 Rb8 11.a4 bxa4 12.Nxa4 Nf5 13.d6 Nxd6 14.Nh3 Nf5 15.O-O Nxe3
16.fxe3 Nb4 17.Nc3 g6 18.Nd5 Nxd5 19.Bxd5 f5 20.Rxa7 Bh6 21.e4 Qe5 22.b3 Rf8
23.Nf2 Kd8 24.Qe1 Rb4 25.Bc4 fxe4 26.Ng4 Qd4+ 27.Kg2 Bg7 28.Rxf8+ Bxf8 29.Qf1
Bd6 30.Qf7 Bb7 31.Nf6 Bb8 32.Qg8+ Kc7 33.Nd5+ Qxd5 34.Bxd5 Bxa7 35.Bxb7 Rxb7
36.Qxh7 Rb6 37.Qe7 Re6 38.Qf7 e3 39.Qf4+ Kb6 40.Kf1 e2+ 41.Ke1 Kb7 42.Qa4 Re7
43.Qh4 Re5 44.Qd8 Bb6 45.Qxd7+ Kb8 46.Qb5 Re6 47.h4 Kc7 48.g4 Kd8 49.h5 Bc7
50.Qd3+ Ke7 51.Qc3 gxh5 52.gxh5 Kf7 53.h6 Be5 54.Qf3+ Kg6 55.h7 Re7 56.Qg4+
Kh6 57.Qh4+ {#r} 1-0

[Event "A62"]
[Site "Cleanchess.com Lutsk UKR"]
[Date "2018.02.16"]
[Round "3.3"]
[White "Nedilko,V"]
[Black "Simantsev,M"]
[Result "1-0"]
[WhiteElo "2383"]
[BlackElo "2486"]

1.d4 Nf6 2.c4 e6 3.Nc3 c5 4.d5 exd5 5.cxd5 d6 6.Nf3 g6 7.g3 Bg7 8.Bg2 O-O
9.O-O a6 10.a4 Re8 11.Bf4 Nh5 12.Bg5 Qc7 13.Qd2 Nd7 14.Rfe1 Rb8 15.Rac1 Ne5
16.Nxe5 Bxe5 17.e4 Bg7 18.h3 b5 19.axb5 axb5 20.b4 c4 21.Ra1 Bd7 22.Ra5 Rb7
23.Rea1 Reb8 24.Kh2 Be8 25.Ra6 Nf6 26.Be3 Nd7 27.Kg1 h5 28.Qb2 {#r} 1-0

[Event "A62"]
[Site "Cleanchess.com Neustadt an der Weinstrasse GER"]
[Date "2018.02.13"]
[Round "8.16"]
[White "Neukirchner,Pascal"]
[Black "Chernov,Va"]
[Result "1-0"]
[WhiteElo "2268"]
[BlackElo "2417"]

1.d4 Nf6 2.c4 e6 3.g3 c5 4.d5 exd5 5.cxd5 d6 6.Nc3 g6 7.Nf3 Bg7 8.Bg2 O-O
9.O-O Re8 10.Bf4 Ne4 11.Nxe4 Rxe4 12.Nd2 Rxf4 13.gxf4 Bxb2 14.Rb1 Bg7 15.Re1
Nd7 16.e4 Bh6 17.e5 Bxf4 18.e6 Ne5 19.Re4 Qf6 20.e7 Bg4 21.f3 Bd7 22.Rxb7 Be8
23.Qe1 Nd3 24.Qb1 Nb4 25.Nf1 Kg7 26.a3 Nxd5 27.Rb8 Nc3 28.Rxa8 Nxb1 29.Rxe8
Nc3 30.Ra8 Nxe4 31.e8=N+ Kh6 32.Nxf6 Nxf6 33.Rxa7 c4 34.Kf2 Nd5 35.Rxf7 c3
36.Rxf4 Nxf4 37.Ne3 d5 38.Nc2 Kg5 39.a4 Ne6 40.Bh3 Nc5 41.a5 Nb3 42.a6 d4
43.Bf1 {#r} 1-0

[Event "A62"]
[Site "Cleanchess.com Newcastle ENG"]
[Date "2018.02.18"]
[Round "9.1"]
[White "Berry,N"]
[Black "Donchenko,Alexa"]
[Result "0-1"]
[WhiteElo "2267"]
[BlackElo "2583"]

1.d4 Nf6 2.c4 e6 3.g3 c5 4.d5 exd5 5.cxd5 d6 6.Nc3 g6 7.Bg2 Bg7 8.Nf3 O-O
9.O-O Re8 10.Bf4 Bf5 11.Nh4 Bg4 12.h3 Nh5 13.hxg4 Nxf4 14.gxf4 Qxh4 15.e3 Bxc3
16.bxc3 Nd7 17.Rb1 Nf6 18.Qf3 Nxg4 19.Qh3 Qxh3 20.Bxh3 Nf6 21.c4 Re7 22.Rb2 h6
23.Rfb1 Rb8 24.a4 Kf8 25.a5 Ke8 26.Kf1 Kd8 27.Ke2 Kc7 28.Kd3 Ree8 29.Rh1 b6
30.Bg2 h5 31.Ra1 a6 32.axb6+ Rxb6 33.Rxb6 Kxb6 34.e4 h4 35.Bf3 h3 36.Re1 a5
37.e5 dxe5 38.fxe5 Nd7 39.e6 fxe6 40.dxe6 Kc7 41.Kc3 Nf6 42.Kb3 g5 43.Ka4 g4
44.Bh1 Kd6 45.Kxa5 Rxe6 46.Rd1+ Ke5 47.Kb5 Ne4 48.Re1 Kf5 49.Rf1 Kf4 50.Bxe4
Kxe4 51.Kxc5 Kf3 52.Kd5 Rh6 53.c5 h2 {#R} 0-1

[Event "A65"]
[Site "Cleanchess.com Neustadt an der Weinstrasse GER"]
[Date "2018.02.12"]
[Round "7.3"]
[White "Carow,J"]
[Black "Kantans,T"]
[Result "0-1"]
[WhiteElo "2429"]
[BlackElo "2487"]

1.d4 Nf6 2.c4 g6 3.f3 c5 4.d5 d6 5.e4 Bg7 6.Nc3 O-O 7.Bg5 e6 8.Qd2 exd5 9.cxd5
a6 10.a4 h6 11.Be3 Nbd7 12.Nh3 Ne8 13.Nf2 Kh7 14.Be2 Rb8 15.h4 Nc7 16.h5 g5
17.g3 b5 18.axb5 Nxb5 19.Nxb5 axb5 20.f4 gxf4 21.gxf4 f5 22.e5 dxe5 23.fxe5
Nxe5 24.Bxc5 Re8 25.Kf1 Nc4 26.Bxc4 bxc4 27.Rg1 Rb7 28.Bb4 Qh4 29.Ra6 f4
30.Rh1 Qg3 31.Qc2+ Kg8 32.Rg6 Rxb4 33.Rxg3 fxg3 34.Qg6 Rf8 35.Qxg3 Rxb2 36.Rh2
c3 37.Qc7 Ba6+ 38.Kg1 Rb7 39.Qc6 Rb1+ 40.Kg2 Bf1+ 41.Kg3 Be5+ 42.Kh4 Rb4+
43.Ng4 Rxg4+ 44.Kxg4 Rf4+ {#R} 0-1

[Event "A80"]
[Site "Cleanchess.com   INT"]
[Date "2018.02.14"]
[Round "6"]
[White "Cooper,L"]
[Black "Rendle,T"]
[Result "0-1"]
[WhiteElo "2347"]
[BlackElo "2362"]

1.d4 f5 2.Nc3 Nf6 3.Bg5 d5 4.Bxf6 exf6 5.e3 Be6 6.Qf3 Nc6 7.Bb5 Qd6 8.Nge2
O-O-O 9.O-O-O Ne7 10.h4 h5 11.Kb1 Kb8 12.Rc1 Nc8 13.Bd3 Qd7 14.Nf4 Bf7 15.Nfe2
Nd6 16.Ng3 Ne4 17.Qxf5 Be6 18.Qg6 Nxc3+ 19.bxc3 Rh6 20.Ka1 Rxg6 21.Bxg6 Bf7
22.Bxf7 Qxf7 23.Rb1 Qg6 24.Rb2 Ba3 25.Rb3 Bd6 26.Rhb1 b6 {#R} 0-1

[Event "A80"]
[Site "Cleanchess.com   INT"]
[Date "2018.02.14"]
[Round "6"]
[White "Boruchovsky,A"]
[Black "Pruijssers,R"]
[Result "1-0"]
[WhiteElo "2542"]
[BlackElo "2536"]

1.d4 f5 2.Bf4 Nf6 3.e3 e6 4.Nf3 b6 5.c4 Bb4+ 6.Nbd2 Bb7 7.Be2 O-O 8.O-O d6
9.Nb1 d5 10.Qb3 a5 11.a3 Be7 12.Nc3 c6 13.Ne5 Nfd7 14.h3 Nxe5 15.Bxe5 Nd7
16.Bh2 Kh8 17.Rac1 Rc8 18.Bd3 Qe8 19.Na4 dxc4 20.Bxc4 c5 21.Bxe6 b5 22.Qxb5
Bc6 23.Qb3 cxd4 24.exd4 Qg6 25.Rxc6 Rxc6 26.Bxd7 Rcf6 27.Be5 f4 28.Bxf6 Bxf6
{#r} 1-0

[Event "A80"]
[Site "Cleanchess.com Leiden NED"]
[Date "2018.02.18"]
[Round "6.4"]
[White "Van der Werf,M"]
[Black "Pruijssers,R"]
[Result "0-1"]
[WhiteElo "2413"]
[BlackElo "2523"]

1.d4 f5 2.Bg5 g6 3.e3 Bg7 4.Nd2 d6 5.Bc4 Nf6 6.h4 h6 7.Bxf6 Bxf6 8.c3 e5 9.Qb3
Qe7 10.dxe5 dxe5 11.h5 g5 12.g4 fxg4 13.Ne2 Nd7 14.Qc2 e4 15.Nxe4 Ne5 16.O-O-O
Bd7 17.Bd5 O-O-O 18.N4g3 Rhf8 19.Nd4 Bh8 20.Qb3 b6 21.Rd2 Rxf2 22.Rdd1 Kb8
23.Be4 Rff8 24.a4 Qc5 25.Rd2 Nc4 26.Re2 Nd6 27.Bd3 Qe5 28.Rg1 c5 29.Nb5 Be6
30.Qc2 Nxb5 31.axb5 c4 32.Be4 Qxg3 {#R} 0-1